| 000 | 00553nam a2200205 a 4500 | ||
|---|---|---|---|
| 001 | BRCA_6986 | ||
| 005 | 20190320205652.0 | ||
| 008 | 231111s1953----u--a######---#000-0#eng-# | ||
| 041 | _aeng | ||
| 044 | _au | ||
| 050 | 4 |
_aNK9507 _b.H55 1953 |
|
| 245 | 1 | 0 |
_aAntique gold boxes _btheir lore and their lure _cby Henry and Sidney Berry Hill. |
| 260 |
_aNueva York _bAbelard _c1953 |
||
| 300 |
_a223 p. _bil. _c?? cm. |
||
| 500 | _aO219 | ||
| 650 | 1 | 4 |
_aCajas de rape _917388 |
| 700 | 1 |
_aHill, Sidney Berry _ecoaut. _917389 |
|
| 902 | _aGFM | ||
| 942 |
_2lcc _cB |
||
| 999 |
_c6667 _d6667 |
||